000 00614cam a2200205 a 4500
001 2523134
005 20231120045825.0
008 930331s1993 nyu b 001 0 eng
020 _a0415908264 :
020 _a0415908256 :
040 _aDLC
_cDLC
_dDLC
082 0 0 _a305.42/01
_220
_bJUD
100 1 _aGrant, Judith,
245 1 0 _aFundamental feminism :
_bcontesting the core concepts of feminist theory /
_cJudith Grant.
260 _aNew York :
_bRoutledge,
_c1993.
300 _axi, 226 p. ;
650 0 _aFeminist theory.
856 4 2 _uhttp://www.loc.gov/catdir/enhancements/fy0651/93017451-d.html
942 _cL
999 _c43
_d43